El Desarrollo en el banquillo

Kaydedildi:
Detaylı Bibliyografya
Yazar: Cardoso, Fernando Henrique
Materyal Türü: Metin
Baskı/Yayın Bilgisi: México, D.F.: ILET
Etiketler: Etiketle
Etiket eklenmemiş, İlk siz ekleyin!

MARC

LEADER 00000 a a2200000 04500
001 19246
003
040
090 |a 019600  
100 |a Cardoso, Fernando Henrique  
245 |a El Desarrollo en el banquillo  
260 |a México, D.F.:   |b ILET  
300 |a 71 p.  
999 |c 10221  |d 10221